Multi-Centric LOST Episodes Quiz Stats

 Plays Quiz not verified by Sporcle

Support Sporcle.
Go Orange.
Score 0/15 Timer 10:00
0 Plays Today
Season Episode % Correct
Season 1Pilot, Part 2
93.1%
Season 2The Other 48 Days
92.1%
Season 3Expose
90.6%
Season 1Exodus, Part 1
86.7%
Season 1Exodus, Part 2
86.7%
Season 2S.O.S.
84.7%
Season 1Special
83.3%
Season 4Ji Yeon
80.8%
Season Episode % Correct
Season 4Confirmed Dead
75.9%
Season 4There's No Place Like Home, Part 2
74.9%
Season 4There's No Place Like Home, Part 1
74.4%
Season 2...And Found
72.9%
Season 3The Glass Ballerina
72.9%
Season 5Namaste
69.5%
Season 5This Place Is Death
60.6%

You're not logged in!

Compare scores with friends on all Sporcle quizzes.
OR
Log In

From the Vault

LogiCrossword: Planets

by El_Dandy

Hint: It helps to know what the planets actually are.
Remove Ads.
Support Sporcle.
Get the best of Sporcle when you Go Orange. This ad-free experience offers more features, more stats, and more fun while also helping to support Sporcle. Thank you for becoming a member.

Show Comments

Extras

Top Quizzes Today


Score Distribution

Your Account Isn't Verified!

In order to create a playlist on Sporcle, you need to verify the email address you used during registration. Go to your Sporcle Settings to finish the process.

Report this User

Report this user for behavior that violates our Community Guidelines.

Details: